Statistics for Top 20 Most Famous S Words

Click here to take the quiz!

General Stats

  • This quiz has been taken 369 times
  • The average score is 10 of 20

Answer Stats

%word% Correct
100so
97%
93see
81%
72sit
71%
70say
68%
80she
61%
65some
60%
72son
55%
65sell
52%
67star
51%
54same
46%
57stop
41%
61set
36%
54send
32%
54stand
32%
59sale
31%
52show
31%
46six
29%
48save
28%
50sex
24%
46song
23%

Score Distribution

Percentile by Number Answered

Percent of People with Each Score

Your Score History

You have not taken this quiz